000 00932nas a2200289 4500
001 BR9501783
003 BR-BrBNA
005 20231205093933.0
007 ta
008 230509b bl.|||p| |||| 00| 00por d
040 _aBR-BrBNA
_bpor
_cBiblioteca Nacional de Agricultura
041 _a(Pt)
072 _aF08; Q55
100 1 _aMeirelles, N.M.F.
100 1 _aAbramides, P.L.G.
100 1 _aCasagrande, D.V.
100 1 _aMunhoz, L.C.
245 1 _aUso de areas de reserva com cana-de-acucar exclusiva e cana-de-acucar associada a leguminosas, no desempenho de bovinos a pasto
650 _aCana de Acucar
650 _aLeguminosa
650 _aConsorciacao de Cultura
650 _aSuplemento Alimentar
650 _aSao Paulo
773 0 _tBoletim de Industria Animal (Brazil)
_xISSN 0067-9615
_g(Jan-Jun 1991), v. 48(1) p. 31-38
_wBR9501783
909 _a202311
_bLúcia
_c55
_dLúcia Elande
942 _2AGRIS
_n0
_cANA
999 _c141190
_d141190